000 00874nam a22002297a 4500
005 2009021705335.0
008 090217t xxu||||| |||| 00| 0 eng d
020 _a8177226606
_c129.00
020 _a9788177226607
_c129.00
037 _bUBH
040 _adpl
_bEnglish
082 _a006.686
100 _aGupta,Shalini
245 _aPhotoshop CS2 :
_bin simple steps /
_cby Shalini Gupta [and] Adity Gupta
260 _aNew Delhi
_bDreamtech Press
_c2008
270 _a19-A, Ansari Road, Darya Ganj
_bNew Delhi
_e110002
_k23284212,23243075
_l91-11-23243078
_mbt@dreamtechpress.com
300 _avii,231p.:
_bill.
_c24cm.(pbk)
700 _aGupta, Adity
942 _2ddc
_cEN
_h006.686
_mGUP
999 _c23906
_d23906